000 00468nam a22001457a 4500
008 161003b xxu||||| |||| 00| 0 eng d
020 _a9717250898
082 _22002
_aDFil 550
_bSa5
100 _915690
_aSan Felipe, Vivian O.
245 _aEarth science:
_ba modular approach/
_cVivian O. San Felipe.
260 _aMakati City:
_bGrandwater Publications,
_cc2002.
300 _a107 pages:
_billustrations;
_c22 cm.
650 0 _915691
_aEarth sciences.
942 _2ddc
_cDFIL
999 _c5005
_d5005